000 00816nam a2200253 a 4500
001 BRCA_5496
005 20190320205114.0
008 020211s1937----fr-a######---#000-0#eng-#
041 _aeng
044 _afr
050 4 _aND673.B7
_b.G58 1937
100 1 _aGluck, Gustav
_913624
245 1 0 _aPieter Bruegel the elder
_cGustav Gluck ; edited by André Gloeckner ; translated from the German by Eveline Byam Shaw.
260 _aParís
_bHyperion
_c1937
300 _a34 p.
_bil. (algunas a color), 63 láminas
_c32 cm.
500 _aIncluye lista de obras
500 _aE172
600 1 4 _aBruegel, Pieter
_cEl viejo
_d1525-1569
_913436
650 1 4 _aPintores flamencos
_97571
700 1 _aGloeckner, André
_eEditor
_914045
700 1 _aByam Shaw, Eveline
_eTraductora
_914046
902 _aGFM
942 _2lcc
_cB
999 _c5190
_d5190